Hémisphère Nord ou Sud ? - Statistiques

Statistiques générales
  • Ce quiz a été pris 33 fois
  • Le résultat moyen est 13 sur 20
Statistiques - réponses
Question Réponse % Correct
Porto-Novo (Bénin) Nord
90%
Port Moresby (Papouasie-Nouvelle-Guinée) Sud
90%
Jakarta (Indonésie) Sud
86%
Honiara (Iles Salomon) Sud
86%
Moroni (Comores) Sud
83%
Accra (Ghana) Nord
76%
Bangui (République Centrafricaine) Nord
76%
Bogota (Colombie) Nord
72%
La Paz (Bolivie) Sud
72%
Kigali (Rwanda) Sud
69%
Yamoussoukro (Côte d'Ivoire) Nord
66%
Sao Tomé (Sao Tomé et Principe) Nord
55%
Singapour (Singapour) Nord
55%
Bandar Seri Begawan (Brunei) Nord
52%
Yaren (Nauru) Sud
52%
Victoria (Seychelles) Sud
52%
Nairobi (Kenya) Sud
45%
Quito (Équateur) Sud
41%
Palikir (Micronésie) Nord
34%
Tarawa-Sud (Kiribati) Nord
31%
Aucun quiz correspondant
Distribution des résultats
% des personnes avec chaque résultat
Percentile par nombre de réponses
Votre historique - résultats
Vous n’avez pas pris ce quiz